| 000 | 00382nam a22001577a 4500 | ||
|---|---|---|---|
| 999 |
_c7899 _d7899 |
||
| 003 | OSt | ||
| 005 | 20190319120153.0 | ||
| 008 | 190319b ||||| |||| 00| 0 eng d | ||
| 040 | _cDLC | ||
| 082 |
_a270.1 _bF828i |
||
| 100 | _aE. Frank | ||
| 245 | _aIt Is Written... | ||
| 260 |
_aKrfeld Germany: _bA Word of Life Publication; _cc. 1987 |
||
| 300 |
_a23 p.; _c20 cm |
||
| 942 |
_2ddc _cBK |
||